000 01393cam a2200325 4500
008 030714n2003 000 0 eng u
020 _a1904388027
035 _a(Sirsi) u122980
041 _aeng
050 _a332.6324
_c18
100 _aDaly, Jacqueline
245 _aResidential investment and sustainable communities
260 _aReading
_bCollege of Estate Management
_c2003
300 _a118p.
_c30cm.
350 _a75
490 _aCollege of Estate Management Research Report
520 _aExamines the scope for large-scale private investment in mixed-use developments and private rented housing in the UK, and considers whether government policy is encouraging sustainable communities. Looks at the UK housing policy framework; the UK financial and investment framework; residential investment and valuation practice; and makes comparisons with the Netherlands and Canada. Includes case studies and references.
650 _aRESIDENTIAL INVESTMENT
650 _aSUSTAINABLE COMMUNITIES
650 _aMIXED-USE DEVELOPMENTS
650 _aPRIVATE RENTED HOUSING
650 _aHOUSING POLICY
690 _aINVESTMENT
700 _aPottinger, Gaye
700 _aDixon, Tim
710 _aCollege of Estate Management
_9400
710 _aRoyal Institution of Chartered Surveyors
_bFoundation
_94173
710 _aPat Allsop Charitable Trust
_94522
942 _n0
999 _c102966
_d102966